Sports Quiz

Random Sports or NFL Quiz

WRs Drafted in First Round Since 2000 Quiz Stats

 Plays Quiz Updated Apr 25, 2019

Score 0/77 Timer 10:00
9 Plays Today
Team (Pick) Player % Correct
Ravens (25)Marquise Brown
90.3%
Lions (2)Calvin Johnson
89.3%
Texans (3)Andre Johnson
88.2%
Cardinals (17)Bryant Johnson
87.3%
Falcons (6)Julio Jones
85.9%
Giants (12)Odell Beckham, Jr.
85.6%
Bills (4)Sammy Watkins
81.3%
Jaguars (21)Matt Jones
81.1%
Falcons (26)Calvin Ridley
80.1%
Buccaneers (7)Mike Evans
79.6%
Raiders (4)Amari Cooper
79.2%
Bears (7)Kevin White
78.9%
Bengals (4)A.J. Green
78.6%
Cowboys (24)Dez Bryant
76.7%
Falcons (27)Roddy White
75.5%
Bills (13)Lee Evans
75.5%
Lions (10)Mike Williams
74.5%
49ers (10)Michael Crabtree
74.2%
Lions (7)Roy Williams
73.8%
Chargers (7)Mike Williams
73.3%
Jaguars (9)Reggie Williams
73.3%
Broncos (22)Demaryius Thomas
72.1%
Cardinals (3)Larry Fitzgerald
71.6%
Panthers (28)Kelvin Benjamin
70.5%
Patriots (32)N'Keal Harry
69.9%
Panthers (24)D.J. Moore
67.3%
Texans (27)DeAndre Hopkins
66.9%
Titans (5)Corey Davis
66.4%
Bengals (9)John Ross
66.1%
Rams (8)Tavon Austin
64.9%
Eagles (19)Jeremy Maclin
62.1%
Jaguars (5)Justin Blackmon
61.5%
Texans (21)Will Fuller
60.4%
Chiefs (23)Dwayne Bowe
59.4%
Saints (20)Brandin Cooks
59.1%
Vikings (22)Percy Harvin
56.7%
Vikings (23)Laquon Treadwell
55.3%
Cardinals (13)Michael Floyd
55.2%
Browns (15)Corey Coleman
55%
Team (Pick) Player % Correct
Giants (29)Hakeem Nicks
54.2%
Dolphins (14)DeVante Parker
54.1%
Raiders (7)Darius Heyward-Bey
53.1%
Colts (30)Reggie Wayne
52.9%
Redskins (22)Josh Doctson
52.3%
Vikings (29)Cordarrelle Patterson
52.2%
Dolphins (9)Ted Ginn, Jr.
49.2%
Browns (3)Braylon Edwards
49%
Jets (16)Santana Moss
47.2%
Eagles (20)Nelson Agholor
47%
Ravens (26)Breshad Perriman
45.4%
Steelers (25)Santonio Holmes
44.9%
Lions (2)Charles Rogers
42.1%
Titans (30)Kenny Britt
41.9%
Colts (29)Phillip Dorsett
40.4%
Steelers (8)Plaxico Burress
38.6%
Colts (32)Anthony Gonzalez
37.5%
Chargers (30)Craig Davis
36.5%
Titans (20)Kendall Wright
36.1%
Bengals (4)Peter Warrick
29.9%
Falcons (29)Michael Jenkins
29%
Saints (27)Robert Meachem
28.2%
Ravens (22)Mark Clayton
26%
Buccaneers (15)Michael Clayton
26%
49ers (30)A.J. Jenkins
25.5%
Chiefs (26)Jonathan Baldwin
24.6%
Seahawks (9)Koren Robinson
23.8%
Vikings (7)Troy Williamson
23.5%
Packers (20)Javon Walker
22.6%
Broncos (19)Ashley Lelie
17.5%
Eagles (25)Freddie Mitchell
17.3%
Bears (8)David Terrell
16%
Ravens (10)Travis Taylor
13.7%
49ers (31)Rashaun Woods
13.6%
Saints (13)Donté Stallworth
10.8%
Redskins (15)Rod Gardner
8.2%
Chiefs (21)Sylvester Morris
6.1%
Jaguars (29)R. Jay Soward
5.8%

You're not logged in!

Compare scores with friends on all Sporcle quizzes.
OR
Log In

Sporcle TV

Today on Sporcle TV


Watch our educational content, quiz creation guides, and fun videos on Sporcle TV.

Show Comments

Extras

Top Quizzes Today


Score Distribution

Your Account Isn't Verified!

In order to create a playlist on Sporcle, you need to verify the email address you used during registration. Go to your Sporcle Settings to finish the process.

Report this User

Report this user for behavior that violates our Community Guidelines.

Details: